Name The Man's Best Friend Song From The Lyrics - Sabrina Carpenter - Statistics

General Stats
  • This quiz has been taken 215 times
  • The average score is 9 of 10
Answer Stats
Lyrics Song % Correct
I get wet at the thought of you (Uh-huh) / Being a responsible guy (Shikitah) Tears
98%
And I swear they choose me, I'm not choosing them / Amen, hey, men Manchild
97%
But I'll say, "Arrivederci, au revoir" / Forgive my French, but, fuck you, ta-ta Goodbye
96%
I could take you to the first, second, third floor / And I promise none of this is a metaphor House Tour
94%
Congratulations on your new improvements / I bet your light rod's, like, bigger than Zeus's When Did You Get Hot?
93%
Here we go again, crying in bed, what a familiar feeling / All my friends in love, and I'm the one they call for a third wheeling Nobody's Son
92%
Could be John or Larry, gosh, who's to say? / Or the one that rhymes with "villain" if I'm feelin' that way Go Go Juice
86%
Baby, I'm not angry / Love you just the same / I just hope you get agoraphobia some day Never Getting Laid
84%
All the "I love you's" and "I'm sorry's" were said / We had our sex and then we made amends, that's right We Almost Broke Up Again Last Night
84%
My man's in touch with his emotions / My man won't touch me with a twenty foot pole My Man on Willpower
83%
No matching quizzes found
Score Distribution
Percent of People with Each Score
Percentile by Number Answered
Your Score History
You have not taken this quiz